000 00847cam a22002777a 4500
003 CHAP
005 20220329134040.0
008 971013s1963 r 00010 d
010 _a14668
011 _a15640
035 _a19716
040 _cCHAP
082 _a634.21
_bG6Y
100 0 0 _aGot, Norbert.
_950080
245 1 3 _aEl albaricoquero
260 _aMadrid :
_bMundi-Prensa,
_c1963
300 _a172 p.
_b: ilus
590 _aBATCH-UPD
_b10
_c20130110
_lUCH01
_h2306
590 _aCONVERSION
_b10
_c20130109
_lUCH01
_h1309
650 1 4 _aChabacano.
_921669
901 _aBK
942 _cLIBRO
949 _a634.21 G6Y
_bBC
_cLIBRO
_d-45993
_eLIBRO
_h44921
_i19716
_si
_t95.00
949 _a634.21 G6Y
_bBC
_cLIBRO
_d-45995
_eLIBRO
_fc.3
_h45353
_i19716
_si
_t95.00
949 _a634.21 G6Y
_bBC
_cLIBRO
_d33724000663589
_eLIBRO
_fc.2
_h44922
_i19716
_si
_t95.00
999 _c14668
_d14668